[Event "WA Open Premier Section"]
[Site "?"]
[Date "2007.??.??"]
[Round "4"]
[White "Lee, Nathan"]
[Black "Fan, George"]
[Result "0-1"]
[WhiteElo "1715"]
[BlackElo "1685"]
[PlyCount "112"]
[EventDate "2007.05.??"]
[SourceDate "2007.05.26"]

1. e4 g6 2. d4 Bg7 3. Nc3 d6 4. Nge2 a6 5. Be3 b5 6. a3 Bb7 7. Qd2 Nd7 8. f3
Ngf6 9. g4 c5 10. O-O-O b4 11. axb4 cxb4 12. Na2 a5 13. Kb1 Qc7 14. Ng3 h5 15.
g5 Ng8 16. Bd3 e6 17. Rhg1 Ne7 18. f4 h4 19. Ne2 d5 20. e5 Nb6 21. b3 Ba6 22.
Bxa6 Rxa6 23. h3 Nf5 24. Bf2 Bf8 25. Rc1 Qa7 26. Qe1 a4 27. Nxb4 Bxb4 28. Qxb4
axb3 29. cxb3 Nc4 30. Kc2 Ra2+ 31. Kd1 Nce3+ 32. Bxe3 Nxe3+ 33. Ke1 Nc2+ 34.
Rxc2 Rxc2 35. Qb5+ Kf8 36. Qd3 Qa1+ 37. Kf2 Qb2 38. Re1 Kg7 39. Kf1 Rb8 40. Qf3
Qxb3 41. Qg4 Rh8 42. Qg2 Qe3 43. Qg4 Ra2 44. Rd1 Ra3 45. Ng1 Qg3 46. Qxg3 Rxg3
47. Kf2 Ra8 48. Rd2 Ra1 49. Nf3 Rxh3 50. Kg2 Rhh1 51. Re2 h3+ 52. Kg3 Ra3 53.
Kf2 Rd3 54. Rc2 Ra1 55. Re2 Raa3 56. Nh2 Rxd4 0-1

[Event "WA Open Premier Section"]
[Site "?"]
[Date "2007.05.26"]
[Round "2"]
[White "Lowther, Jeff"]
[Black "Fabian, Steve"]
[Result "1-0"]
[WhiteElo "1866"]
[BlackElo "1742"]
[PlyCount "59"]
[EventDate "2007.05.??"]
[SourceDate "2007.05.26"]

1. e4 c5 2. Nf3 e6 3. d4 cxd4 4. Nxd4 a6 5. Be2 Qc7 6. O-O Nf6 7. Bf3 Be7 8.
Nc3 d6 9. Be3 Nbd7 10. g3 Rb8 11. a4 b6 12. Bg2 Bb7 13. Qe2 O-O 14. Rfd1 Ne5
15. Nb3 Nc4 16. Bc1 Rfc8 17. Nd2 Ne5 18. Nf3 Nxf3+ 19. Bxf3 h6 20. Bf4 e5 21.
Be3 Bf8 22. Bg2 Re8 23. Rd2 Rbc8 24. Rad1 Rcd8 25. f3 Kh8 26. Qf2 Rb8 27. Bxb6
Qc4 28. a5 d5 29. exd5 Bxd5 30. Rxd5 1-0

[Event "WA Open Premier Section"]
[Site "?"]
[Date "2007.05.27"]
[Round "4"]
[White "Lowther, Jeff"]
[Black "Weyland, Phillip"]
[Result "1-0"]
[WhiteElo "1866"]
[BlackElo "1853"]
[PlyCount "87"]
[EventDate "2007.05.??"]
[SourceDate "2007.05.26"]

1. e4 e6 2. d4 d5 3. exd5 exd5 4. Nf3 Bd6 5. Be2 Ne7 6. O-O Bf5 7. Re1 Nd7 8.
c3 c6 9. Nbd2 Qc7 10. Nb3 O-O-O 11. Be3 Nf6 12. Bg5 Ne4 13. Bxe7 Bxe7 14. Ne5
f6 15. Bg4 Bxg4 16. Qxg4+ Kb8 17. Nf7 f5 18. Qh3 Bh4 19. Rxe4 fxe4 20. Nxh8 g5
21. g3 Rxh8 22. Qe6 Qd8 23. Re1 Re8 24. Qg4 Qf6 25. Re3 Rf8 26. Qe2 g4 27. gxh4
Qxh4 28. Nd2 Rf6 29. Qf1 Qg5 30. Qg2 h5 31. Qg3+ Kc8 32. h4 Qh6 33. c4 dxc4 34.
Nxe4 Rf3 35. Rxf3 Qc1+ 36. Kg2 gxf3+ 37. Qxf3 Qxb2 38. Qf8+ Kc7 39. Qf7+ Kd8
40. Qxc4 Qb1 41. d5 Qd1 42. Nf6 Ke7 43. dxc6 b5 44. Qf4 1-0

[Event "WA Open Premier Section"]
[Site "?"]
[Date "2007.05.28"]
[Round "5"]
[White "Manber, Devon"]
[Black "Briggs, Mark"]
[Result "0-1"]
[WhiteElo "1826"]
[BlackElo "1691"]
[PlyCount "64"]
[EventDate "2007.05.??"]
[SourceDate "2007.05.26"]

1. e4 Nf6 2. e5 Nd5 3. d4 d6 4. c4 Nb6 5. exd6 cxd6 6. Nf3 g6 7. Nc3 Bg7 8. Be3
O-O 9. Be2 Nc6 10. O-O Bf5 11. Qd2 d5 12. cxd5 Nxd5 13. Bh6 Rc8 14. Rac1 Na5
15. Bxg7 Kxg7 16. Nh4 Be6 17. Ne4 Rxc1 18. Rxc1 Nc6 19. a3 Nb6 20. Nf3 Bd5 21.
Nc5 Bxf3 22. Bxf3 Qxd4 23. Qc2 Qf6 24. Nxb7 Nd4 25. Qc3 Na4 26. Qe3 Nxf3+ 27.
Qxf3 Qxb2 28. Re1 Rb8 29. Na5 Qe5 30. Qe3 Qxa5 31. Qxe7 Qc5 32. Qe4 Rb2 0-1

[Event "WA Open Premier Section"]
[Site "?"]
[Date "2007.05.26"]
[Round "1"]
[White "Marcjan, Karen"]
[Black "Allen, Robert"]
[Result "0-1"]
[WhiteElo "1541"]
[BlackElo "1749"]
[PlyCount "138"]
[EventDate "2007.05.??"]
[SourceDate "2007.05.26"]

1. e4 c5 2. Bc4 d6 3. Nf3 Nf6 4. Nc3 g6 5. d3 Bg7 6. Bd2 O-O 7. O-O Nc6 8. Be3
Ng4 9. h3 Nge5 10. Nxe5 Nxe5 11. Bb3 e6 12. f4 Nc6 13. Rb1 Nd4 14. Bxd4 Bxd4+
15. Kh2 Bd7 16. Ne2 a5 17. c3 Bg7 18. d4 cxd4 19. cxd4 Bb5 20. d5 e5 21. f5 Qh4
22. Bc2 Rac8 23. g3 Qg5 24. Bd3 Bd7 25. h4 Qe3 26. Nc3 Rc5 27. Qe2 Qh6 28. Rbe1
Rfc8 29. Qe3 b5 30. Qg5 Qxg5 31. hxg5 gxf5 32. exf5 b4 33. Ne4 Rxd5 34. Rd1 Rd4
35. f6 Bf8 36. Bb1 Rxd1 37. Rxd1 Be6 38. b3 d5 39. Nf2 Bd6 40. Kg2 Rc3 41. Nd3
Bg4 42. Re1 e4 43. Nf4 Bf3+ 44. Kh2 e3 45. Ne2 Bxe2 46. Rxe2 d4 47. Re1 Bc5 48.
Be4 d3 49. Bf3 Rc2+ 50. Kh3 e2 51. Kg4 Bf2 52. Bxe2 dxe2 53. Rh1 e1=Q 54. Rxe1
Bxe1 55. Kf5 Bxg3 56. Kg4 Be1 57. Kf4 Bd2+ 58. Kg4 Rc5 59. Kf3 Rxg5 60. Ke2 Bc3
61. Kd3 Rg4 62. a3 Rd4+ 63. Ke3 bxa3 64. b4 axb4 65. Ke2 a2 66. Ke3 a1=Q 67.
Kf3 Qf1+ 68. Kg3 Be1+ 69. Kh2 Rh4# 0-1

[Event "WA Open Premier Section"]
[Site "?"]
[Date "2007.05.26"]
[Round "2"]
[White "Marcjan, Karen"]
[Black "Cheng, Jack"]
[Result "0-1"]
[WhiteElo "1541"]
[BlackElo "1712"]
[PlyCount "110"]
[EventDate "2007.05.??"]
[SourceDate "2007.05.26"]

1. e4 e5 2. f4 exf4 3. Bc4 Qh4+ 4. Kf1 d6 5. Nf3 Qf6 6. Nc3 c6 7. d4 Nd7 8. Qe2
Qh6 9. d5 Ne5 10. dxc6 bxc6 11. Nxe5 dxe5 12. g3 Qh3+ 13. Qg2 Qxg2+ 14. Kxg2
fxg3 15. hxg3 Bd6 16. Rf1 f6 17. Be3 Ne7 18. Rad1 Bc7 19. Bc5 Bg4 20. Rb1 h5
21. Ba6 Rd8 22. Bd3 Bb6 23. Na4 Bxc5 24. Nxc5 Ng6 25. Nb7 Rb8 26. Nd6+ Kd7 27.
Nf5 Bxf5 28. exf5 Ne7 29. Be2 h4 30. gxh4 Rxh4 31. Rbd1+ Kc7 32. b3 Nd5 33. Rf3
Rbh8 34. c4 Nf4+ 35. Rxf4 Rxf4 36. c5 Rd8 37. Rf1 Rxf1 38. Kxf1 Rd5 39. b4 Rd4
40. a3 Rf4+ 41. Ke1 Rxf5 42. Kd2 g5 43. Kc3 Rf2 44. Bg4 f5 45. Bh5 g4 46. Kb3
g3 47. Ka4 g2 48. Ka5 g1=Q 49. a4 Ra2 50. Bf7 Ra3 51. Bc4 Qa1 52. Bb5 cxb5 53.
Kxb5 Qf1+ 54. Ka5 a6 55. b5 Qxb5# 0-1

[Event "WA Open Premier Section"]
[Site "?"]
[Date "2007.05.26"]
[Round "1"]
[White "Opalewski, Brian"]
[Black "Omori, Michael"]
[Result "1-0"]
[WhiteElo "1804"]
[BlackElo "1687"]
[PlyCount "57"]
[EventDate "2007.05.??"]
[SourceDate "2007.05.26"]

1. Nf3 Nf6 2. c4 g6 3. b4 Bg7 4. Bb2 O-O 5. g3 d6 6. Bg2 e5 7. d3 Nc6 8. b5 Ne7
9. O-O Nd7 10. Qc2 f5 11. Nbd2 Rb8 12. a4 b6 13. a5 f4 14. axb6 axb6 15. Ng5
Nc5 16. Nde4 h6 17. Nxc5 bxc5 18. Ne4 g5 19. Bc3 Qe8 20. Ra7 Qh5 21. Rxc7 Ng6
22. Nxd6 Bh3 23. Bf3 g4 24. Bd5+ Kh8 25. Ra1 f3 26. Raa7 Rg8 27. Nf7+ Kh7 28.
Nxe5 Nxe5 29. Bxe5 1-0

[Event "WA Open Premier Section"]
[Site "?"]
[Date "2007.05.26"]
[Round "1"]
[White "Walker, Andrew"]
[Black "Lowther, Jeff"]
[Result "0-1"]
[WhiteElo "1707"]
[BlackElo "1866"]
[PlyCount "102"]
[EventDate "2007.05.??"]
[SourceDate "2007.05.26"]

1. d4 d5 2. c4 e6 3. Nc3 Nf6 4. Bg5 Be7 5. e3 O-O 6. Nf3 Nbd7 7. Qc2 Re8 8. Rc1
c6 9. cxd5 exd5 10. Bd3 h6 11. Bh4 Ne4 12. Bg3 Nxg3 13. hxg3 Nf6 14. Nh4 Bd6
15. Bf5 Bxf5 16. Nxf5 Bc7 17. Qe2 Qd7 18. Qf3 Re6 19. Rh3 Rae8 20. Ke2 Bd6 21.
Rch1 Bf8 22. g4 Ne4 23. Nxe4 dxe4 24. Qf4 Bd6 25. Qg5 Rg6 26. Qh5 Be7 27. f4
exf3+ 28. gxf3 Rg5 29. Nxh6+ gxh6 30. Qxh6 f6 31. Qh7+ Kf8 32. Rh6 Rg7 33. Qe4
Kf7 34. Qc2 Reg8 35. R1h5 Rg5 36. Qb3+ Qd5 37. Rh7+ R8g7 38. Rxg5 fxg5 39.
Rxg7+ Kxg7 40. Qxb7 Qb5+ 41. Qxb5 cxb5 42. Kd3 Kf6 43. Ke4 Ke6 44. f4 Bf6 45.
f5+ Kd6 46. Kd3 Bd8 47. e4 Kc6 48. e5 Kd5 49. f6 b4 50. b3 a6 51. Ke3 Bb6 0-1

[Event "WA Open Premier Section"]
[Site "?"]
[Date "2007.05.27"]
[Round "4"]
[White "Walker, Andrew"]
[Black "Marcjan, Karen"]
[Result "0-1"]
[WhiteElo "1707"]
[BlackElo "1541"]
[PlyCount "122"]
[EventDate "2007.05.??"]
[SourceDate "2007.05.26"]

1. d4 d5 2. c4 c6 3. Nc3 Bf5 4. cxd5 cxd5 5. Qb3 Qd7 6. Qxd5 Nf6 7. Qxd7+ Nbxd7
8. e3 a6 9. Nf3 e6 10. Be2 Bd6 11. O-O O-O 12. Bd2 e5 13. dxe5 Nxe5 14. Nd4 Bd3
15. Rfd1 Bxe2 16. Ncxe2 Nc4 17. Bc1 Ng4 18. h3 Nge5 19. Nf5 Rfd8 20. Nxd6 Nxd6
21. b3 Ne4 22. Rxd8+ Rxd8 23. Nd4 Nc6 24. Bb2 Nxd4 25. Bxd4 Rc8 26. f3 Ng3 27.
Kh2 Nf5 28. Rd1 h6 29. a4 Nxd4 30. Rxd4 Rc3 31. Rb4 Rc7 32. Rb6 Kf8 33. Kg3 Ke8
34. h4 Kd8 35. Kf4 Kc8 36. e4 Rc2 37. g3 Kc7 38. Rb4 f6 39. h5 Kc6 40. e5 fxe5+
41. Kf5 Rf2 42. Ke4 Re2+ 43. Kd3 Re1 44. Rg4 Rb1 45. Kc4 b5+ 46. axb5+ axb5+
47. Kb4 Rf1 48. f4 e4 49. Rxg7 e3 50. Re7 Rf3 51. Re5 Rxg3 52. Re6+ Kd5 53.
Re5+ Kd4 54. Kxb5 Kd3 55. Kc5 e2 56. Rd5+ Ke3 57. b4 Kxf4 58. Rd4+ Ke3 59. Rd8
Kf4 60. Rf8+ Ke3 61. Re8+ Kf2 0-1

[Event "WA Open Premier Section"]
[Site "?"]
[Date "2007.05.27"]
[Round "3"]
[White "Walton, John"]
[Black "Allen, Robert"]
[Result "0-1"]
[WhiteElo "1699"]
[BlackElo "1749"]
[PlyCount "44"]
[EventDate "2007.05.??"]
[SourceDate "2007.05.26"]

1. e4 c5 2. Nf3 d6 3. d4 cxd4 4. Nxd4 Nf6 5. Nc3 g6 6. Be3 Bg7 7. f3 O-O 8. Qd2
Nc6 9. O-O-O Bd7 10. Bc4 Rc8 11. Bb3 Ne5 12. Nd5 Nc4 13. Nxf6+ Bxf6 14. Bxc4
Rxc4 15. h4 Qb6 16. Nb3 Qb5 17. Kb1 Rfc8 18. c3 Ra4 19. Qd3 Rcc4 20. Qd5 Qa6
21. Nc5 Rxc5 22. Bxc5 Be6 0-1

[Event "WA Open Premier Section"]
[Site "?"]
[Date "2007.05.26"]
[Round "1"]
[White "Walton, John"]
[Black "Hayami, Marvin"]
[Result "0-1"]
[WhiteElo "1699"]
[BlackElo "1827"]
[PlyCount "40"]
[EventDate "2007.05.??"]
[SourceDate "2007.05.26"]

1. e4 e5 2. Nf3 Nc6 3. d4 exd4 4. Nxd4 Nf6 5. Nxc6 bxc6 6. e5 Qe7 7. Qe2 Nd5 8.
c4 Ba6 9. b3 O-O-O 10. Bb2 Nf4 11. Qe3 Ne6 12. Qxa7 Bb7 13. Qe3 Qh4 14. Nd2 Bc5
15. Nf3 Qe7 16. Bd4 Nxd4 17. Nxd4 Rde8 18. f4 g5 19. g3 Bxd4 20. Qxd4 c5 0-1

[Event "WA Open Premier Section"]
[Site "?"]
[Date "2007.05.28"]
[Round "6"]
[White "Wang, Michael"]
[Black "Buck, Stephen"]
[Result "0-1"]
[WhiteElo "1800"]
[BlackElo "1718"]
[PlyCount "148"]
[EventDate "2007.05.??"]
[SourceDate "2007.05.26"]

1. e4 c5 2. Nf3 d6 3. d4 cxd4 4. Nxd4 Nf6 5. Nc3 a6 6. Bc4 e6 7. Bb3 Be7 8. Be3
Nc6 9. Qd2 O-O 10. f3 Qc7 11. g4 Na5 12. h4 Nc4 13. Bxc4 Qxc4 14. h5 Nd7 15.
O-O-O b5 16. a3 Ne5 17. g5 b4 18. Nb1 bxa3 19. Nxa3 Qa4 20. Qg2 d5 21. Nb1 Nc4
22. Qe2 Rb8 23. Nb3 Qa2 24. Rdg1 Qxb2+ 25. Kd1 Qxb1+ 26. Nc1 Ba3 27. exd5 Nxe3+
28. Qxe3 Qxc1+ 29. Qxc1 Bxc1 30. Kxc1 exd5 31. Rd1 Be6 32. f4 Rbc8 33. Rhf1 f5
34. Rf3 Rc4 35. Re3 Re4 36. Ra3 Ra8 37. Rf3 a5 38. Rdd3 a4 39. Rfe3 Rxe3 40.
Rxe3 a3 41. Kb1 Kf7 42. Rb3 Ra7 43. Rb4 a2+ 44. Ka1 d4 45. Rxd4 Rb7 46. Rd1
Rb1+ 47. Rxb1 axb1=Q+ 48. Kxb1 Bc4 49. Kb2 Ke6 50. Kc3 Kd5 51. h6 g6 52. Kb4
Be2 53. c3 Ke4 54. c4 Bxc4 55. Kxc4 Kxf4 56. Kd4 Kxg5 57. Ke3 Kxh6 58. Kf4 Kg7
59. Kg5 h6+ 60. Kf4 Kf6 61. Kg3 g5 62. Kf3 h5 63. Kg3 f4+ 64. Kf3 Kf5 65. Kg2
g4 66. Kh1 h4 67. Kg1 f3 68. Kh1 g3 69. Kg1 Kf4 70. Kh1 Ke3 71. Kg1 Ke2 72. Kh1
h3 73. Kg1 f2+ 74. Kh1 f1=Q# 0-1

[Event "WA Open Premier Section"]
[Site "?"]
[Date "2007.05.27"]
[Round "3"]
[White "Warrier, Vishnu"]
[Black "Hendricks, David"]
[Result "0-1"]
[WhiteElo "1775"]
[BlackElo "1705"]
[PlyCount "66"]
[EventDate "2007.05.??"]
[SourceDate "2007.05.26"]

1. e4 c5 2. c3 Nc6 3. d4 cxd4 4. cxd4 e6 5. Nc3 Bb4 6. Nf3 Nf6 7. e5 Nd5 8. Bd2
O-O 9. Bd3 Nce7 10. Bxh7+ Kh8 11. Bd3 Ng6 12. Nxd5 Bxd2+ 13. Qxd2 exd5 14. h4
d6 15. h5 Ne7 16. exd6 Qxd6 17. Kf1 Bf5 18. Re1 Bxd3+ 19. Qxd3 Rac8 20. g4 Ng8
21. Nh4 Qf4 22. f3 Rfe8 23. Kg2 Nh6 24. Kh3 Kg8 25. Ng2 Qf6 26. Kg3 Kf8 27. f4
Qb6 28. Qa3+ Kg8 29. Ne3 Qxd4 30. g5 Rxe3+ 31. Rxe3 Nf5+ 32. Kf3 Nxe3 33. Qxe3
Qxb2 0-1

[Event "WA Open Premier Section"]
[Site "?"]
[Date "2007.05.27"]
[Round "3"]
[White "Weyland, Phillip"]
[Black "Lee, Nathan"]
[Result "1-0"]
[WhiteElo "1853"]
[BlackElo "1715"]
[PlyCount "79"]
[EventDate "2007.05.??"]
[SourceDate "2007.05.26"]

1. d4 d5 2. Nf3 Nf6 3. e3 e6 4. Bd3 Be7 5. Nbd2 O-O 6. e4 c5 7. e5 Nfd7 8. c3
Nc6 9. h4 Qb6 10. Bxh7+ Kh8 11. Ng5 g6 12. Bxg6 Kg7 13. Bxf7 Rh8 14. Qg4 Bxg5
15. Nf3 Nd8 16. Nxg5 Kf8 17. Nh7+ Kxf7 18. Qh5+ Kg7 19. Qh6+ Kf7 20. Ng5+ Kg8
21. Qg6+ Kf8 22. Nh7+ Rxh7 23. Qxh7 Nf7 24. Bh6+ Nxh6 25. Qxh6+ Ke7 26. Qg5+
Ke8 27. h5 cxd4 28. h6 Qxb2 29. O-O Nf8 30. h7 Nxh7 31. Qg6+ Kd8 32. Qxh7 dxc3
33. Qh4+ Kd7 34. Rac1 b6 35. Qd4 Ba6 36. Rxc3 Qxa2 37. Rfc1 Qe2 38. Rc7+ Kd8
39. Qh4+ Ke8 40. Qe7# 1-0

[Event "WA Open Premier Section"]
[Site "?"]
[Date "2007.05.26"]
[Round "1"]
[White "Weyland, Phillip"]
[Black "Lessler, Peter"]
[Result "1-0"]
[WhiteElo "1853"]
[BlackElo "1705"]
[PlyCount "43"]
[EventDate "2007.05.??"]
[SourceDate "2007.05.26"]

1. d4 Nf6 2. Nf3 e6 3. e3 c5 4. c3 Nc6 5. Bd3 d5 6. Nbd2 Bd6 7. dxc5 Bxc5 8.
O-O O-O 9. e4 e5 10. exd5 Nxd5 11. Ne4 Bb6 12. Bc4 Nc7 13. Nfg5 h6 14. Qh5 Qe7
15. Nxf7 Rxf7 16. Bg5 Qf8 17. Nf6+ Kh8 18. Bxf7 Be6 19. Qg6 Bf5 20. Qxf5 gxf6
21. Qxf6+ Qg7 22. Qxh6+ 1-0

[Event "WA Open Premier Section"]
[Site "?"]
[Date "2007.05.28"]
[Round "5"]
[White "Wilkinson, F. Scott"]
[Black "Nelson, James"]
[Result "0-1"]
[WhiteElo "1791"]
[BlackElo "1611"]
[PlyCount "32"]
[EventDate "2007.05.??"]
[SourceDate "2007.05.26"]

1. e4 g6 2. d4 Bg7 3. Nc3 c6 4. Be3 d5 5. f3 dxe4 6. fxe4 Nf6 7. Nf3 b5 8. Bd3
Na6 9. h3 Qc7 10. O-O Nh5 11. d5 Bxh3 12. Ng5 Bxg2 13. Rf2 Qg3 14. Rxg2 Qxe3+
15. Kh1 Ng3+ 16. Kh2 Qxg5 0-1

[Event "WA Open Premier Section"]
[Site "?"]
[Date "2007.05.28"]
[Round "6"]
[White "Xing, Kerry"]
[Black "Corey, Michael"]
[Result "1-0"]
[WhiteElo "1762"]
[BlackElo "1722"]
[PlyCount "77"]
[EventDate "2007.05.??"]
[SourceDate "2007.05.26"]

1. d4 Nf6 2. c4 Nc6 3. Nc3 e5 4. d5 Ne7 5. e4 Ng6 6. h4 Bb4 7. h5 Ne7 8. h6 Rg8
9. hxg7 Rxg7 10. Qf3 Bxc3+ 11. Qxc3 d6 12. Qc2 Bd7 13. Bd2 c5 14. Ne2 Nfg8 15.
Ng3 Bg4 16. Bc3 Nf6 17. Be2 Bxe2 18. Qxe2 Qd7 19. O-O-O O-O-O 20. Rh3 Ng6 21.
Qf3 Nf4 22. Rh6 Rg6 23. Nf5 Rdg8 24. g3 Rxh6 25. Nxh6 Rg6 26. gxf4 Rxh6 27.
fxe5 dxe5 28. Bxe5 Ne8 29. Qe3 Ra6 30. Qxc5+ Kd8 31. a3 Qg4 32. Qd4 Qg5+ 33.
Kb1 Rb6 34. c5 Ra6 35. Bg3 f6 36. c6 bxc6 37. dxc6+ Ke7 38. c7 Rc6 39. Qd7+ 1-0

[Event "WA Open Premier Section"]
[Site "?"]
[Date "2007.05.27"]
[Round "1"]
[White "Xing, Kerry"]
[Black "Li, William"]
[Result "1-0"]
[WhiteElo "1762"]
[BlackElo "1562"]
[PlyCount "127"]
[EventDate "2007.05.??"]
[SourceDate "2007.05.26"]

1. d4 d5 2. c4 c6 3. Nf3 Nf6 4. Nc3 e6 5. Bg5 Be7 6. e3 O-O 7. Bd3 dxc4 8. Bxc4
b6 9. O-O Bb7 10. Qe2 Nbd7 11. Rfd1 Nd5 12. Bxe7 Nxc3 13. bxc3 Qxe7 14. e4 Rfe8
15. e5 Rac8 16. Nd2 c5 17. Qh5 cxd4 18. cxd4 Rc7 19. Bd3 Nf8 20. Nc4 Bd5 21.
Nd6 Rd8 22. f4 f5 23. a4 Ng6 24. Rf1 Nh4 25. Rf2 Rc3 26. Qe2 g5 27. g3 Nf3+ 28.
Rxf3 Bxf3 29. Qxf3 gxf4 30. gxf4 Rd7 31. Kh1 Qf8 32. Rg1+ Rg7 33. Rxg7+ Qxg7
34. Qa8+ Qf8 35. Qxf8+ Kxf8 36. Bb5 Rf3 37. Bc4 Ke7 38. Nc8+ Kd7 39. Nxa7 Rxf4
40. Bb5+ Kc7 41. Nc6 Rg4 42. h3 Rg7 43. d5 exd5 44. Nd4 Re7 45. e6 f4 46. Kg2
Kd6 47. Nf5+ Kxe6 48. Nxe7 Kxe7 49. Kf3 Kd6 50. Kxf4 h6 51. h4 h5 52. Kg5 Ke5
53. Kxh5 Kf5 54. Bd3+ Kf6 55. Kg4 Kg7 56. h5 Kh6 57. Bg6 d4 58. Kf3 d3 59. Ke3
d2 60. Kxd2 Kg7 61. Kc3 Kf6 62. Kb4 Ke7 63. Kb5 Kf6 64. Kxb6 1-0

[Event "WA Open Premier Section"]
[Site "?"]
[Date "2007.05.27"]
[Round "4"]
[White "Xing, Kerry"]
[Black "Opalewski, Brian"]
[Result "1-0"]
[WhiteElo "1762"]
[BlackElo "1804"]
[PlyCount "73"]
[EventDate "2007.05.??"]
[SourceDate "2007.05.26"]

1. d4 Nf6 2. c4 e6 3. Nc3 Bb4 4. Qc2 Nc6 5. Nf3 d6 6. Bd2 O-O 7. e3 Qe7 8. Be2
e5 9. d5 Nb8 10. e4 Na6 11. a3 Bxc3 12. Bxc3 Nc5 13. Nd2 a5 14. O-O-O Bd7 15.
Rdg1 Ba4 16. b3 Bd7 17. g4 a4 18. b4 Nb3+ 19. Kb1 Nd4 20. Qd1 b5 21. g5 Ne8 22.
h4 f5 23. gxf6 Nxf6 24. Rg5 Nxe2 25. Qxe2 Kh8 26. Rhg1 Rf7 27. h5 Rb8 28. Nf3
Rbf8 29. Nh4 Ng4 30. R5xg4 Rxf2 31. Qd1 Bxg4 32. Qxg4 R2f4 33. Qg3 Rxh4 34. Bd2
Rxh5 35. Bg5 Rxg5 36. Qxg5 Rf1+ 37. Rxf1 1-0

[Event "WA Open Premier Section"]
[Site "?"]
[Date "2007.05.27"]
[Round "3"]
[White "Yang, Matthew"]
[Black "Briggs, Mark"]
[Result "1-0"]
[WhiteElo "1757"]
[BlackElo "1691"]
[PlyCount "135"]
[EventDate "2007.05.??"]
[SourceDate "2007.05.26"]

1. d4 Nf6 2. c4 g6 3. Nc3 Bg7 4. e4 d6 5. Nf3 O-O 6. Be2 a5 7. O-O Nc6 8. d5
Na7 9. Be3 c6 10. Rc1 b5 11. Bxa7 Rxa7 12. cxb5 cxd5 13. exd5 Bb7 14. b3 Qd7
15. Bc4 e5 16. Re1 Raa8 17. Qd2 Ng4 18. Rc2 Bh6 19. Qe2 f5 20. Na4 Rae8 21. b6
Qg7 22. Rd1 e4 23. Nd4 Qe5 24. g3 e3 25. f4 Qf6 26. Ne6 Nf2 27. Rf1 Rxe6 28. h4
Re4 29. Nc3 Rxf4 30. gxf4 Qxh4 31. Rxf2 exf2+ 32. Qxf2 Qg4+ 33. Qg2 Qxf4 34.
Ne2 Qe3+ 35. Qf2 Rc8 36. Nd4 Re8 37. Re2 Qc1+ 38. Kg2 Be3 39. Qe1 Qxe1 40. Rxe1
Re4 41. Nb5 Rg4+ 42. Kf3 Bc5 43. Re8+ Kf7 44. Rb8 Ba6 45. b7 Bxb7 46. Rxb7+ Kg8
47. Rd7 h5 48. Nxd6 g5 49. Rd8+ Kh7 50. Bd3 Rf4+ 51. Ke2 Bxd6 52. Rxd6 Kg7 53.
Re6 h4 54. d6 h3 55. d7 Rd4 56. Re7+ Kf6 57. Rh7 g4 58. Bb5 f4 59. Rh8 Ke7 60.
Re8+ Kf6 61. d8=Q+ Rxd8 62. Rxd8 Kg5 63. Rg8+ Kh4 64. Bd7 h2 65. Rxg4+ Kh5 66.
Rg8 a4 67. bxa4 Kh4 68. Rh8+ 1-0

[Event "WA Open Premier Section"]
[Site "?"]
[Date "2007.05.28"]
[Round "6"]
[White "Yang, Matthew"]
[Black "Ho, Daniel"]
[Result "1-0"]
[WhiteElo "1757"]
[BlackElo "1686"]
[PlyCount "77"]
[EventDate "2007.05.??"]
[SourceDate "2007.05.26"]

1. e4 e5 2. f4 d6 3. Nf3 Nc6 4. Bc4 Nf6 5. Nc3 Be7 6. d3 Bg4 7. O-O Nd4 8. Kh1
Qd7 9. a4 Bxf3 10. gxf3 Qh3 11. Nb5 Nxb5 12. axb5 exf4 13. Rf2 Nh5 14. Bd5 O-O
15. Bxb7 Bh4 16. Rg2 Rae8 17. Bd5 Nf6 18. Bb3 d5 19. Bxf4 dxe4 20. fxe4 Rd8 21.
Qe2 Rb8 22. e5 Rfe8 23. Rag1 g6 24. Qf1 Qf5 25. exf6 Re1 26. Qf3 Rxg1+ 27. Rxg1
Bxf6 28. Qe4 Qxb5 29. Bxc7 Rb7 30. Bc4 Qxb2 31. Qe8+ Kg7 32. Qxf7+ Kh6 33. Qf8+
Kh5 34. Qc5+ Kh6 35. Bf4+ Kg7 36. Qc8 Be7 37. Qg8+ Kf6 38. Bg5+ Kf5 39. Qe6#
1-0

[Event "WA Open Premier Section"]
[Site "?"]
[Date "2007.05.26"]
[Round "1"]
[White "Yang, Matthew"]
[Black "Lee, Megan"]
[Result "1/2-1/2"]
[WhiteElo "1757"]
[BlackElo "1551"]
[PlyCount "153"]
[EventDate "2007.05.??"]
[SourceDate "2007.05.26"]

1. d4 d5 2. Nf3 Nf6 3. Bf4 Bf5 4. e3 c6 5. Nbd2 Nbd7 6. Bd3 Bxd3 7. cxd3 e6 8.
O-O Be7 9. e4 Nb6 10. Re1 O-O 11. Rc1 Re8 12. Nb3 Rc8 13. a3 Na4 14. Qc2 c5 15.
Nxc5 Nxc5 16. dxc5 Rxc5 17. Qb3 b6 18. e5 Nd7 19. d4 Rxc1 20. Rxc1 Qb8 21. Qb5
Qb7 22. Ng5 h6 23. Nf3 Rc8 24. Rxc8+ Qxc8 25. Qa4 a6 26. h4 b5 27. Qb3 Nb6 28.
g4 Qc4 29. Qd1 b4 30. b3 Qc6 31. a4 a5 32. g5 h5 33. g6 fxg6 34. Qd3 Qc3 35.
Qxg6 Qxf3 36. Qxe6+ Kh7 37. Qxe7 Qxf4 38. Qc5 Qg4+ 39. Kh2 Qxh4+ 40. Kg2 Qe4+
41. Kf1 Qb1+ 42. Kg2 Qxb3 43. Qxb6 Qxa4 44. Qc7 Qd1 45. Qxa5 Qxd4 46. e6 Qe4+
47. Kh2 Qxe6 48. Qxb4 Qe4 49. Qb7 Qf5 50. Qb6 Qe4 51. Qb7 Qc2 52. Qf7 Qc6 53.
f4 d4 54. f5 Qf6 55. Qa7 Qe5+ 56. Kh3 Qf4 57. Qf7 Qg4+ 58. Kh2 d3 59. f6 Qg5
60. Qd7 Qxf6 61. Qxd3+ Qg6 62. Qe3 Qf6 63. Qa7 Kh6 64. Qe3+ g5 65. Kh3 h4 66.
Qe2 Qf5+ 67. Kh2 Qf4+ 68. Kg1 Qf5 69. Qg2 h3 70. Qf2 Qe6 71. Kh2 g4 72. Kh1 Kh5
73. Kh2 Qg6 74. Kh1 Qd6 75. Qb2 Kh4 76. Qf2+ g3 77. Qd4+ 1/2-1/2

[Event "WA Open Reserve Section"]
[Site "?"]
[Date "2007.05.27"]
[Round "2"]
[White "Baldwin, Christopher"]
[Black "Grabar, Anatoly"]
[Result "1-0"]
[WhiteElo "1647"]
[BlackElo "1491"]
[PlyCount "103"]
[EventDate "2007.05.??"]
[SourceDate "2007.05.26"]

1. d4 d5 2. c4 e6 3. a3 Nf6 4. Nc3 a6 5. c5 Be7 6. Nf3 O-O 7. h3 b6 8. b4 b5 9.
Bf4 Bb7 10. e3 Nbd7 11. Bd3 Re8 12. O-O c6 13. Qc2 Nf8 14. Ne5 N6d7 15. Ne2
Nxe5 16. Bxe5 Qd7 17. Bh2 a5 18. Kh1 Bf6 19. f4 axb4 20. axb4 Qe7 21. Ng1 Red8
22. Nf3 Qe8 23. g4 Rxa1 24. Rxa1 Ra8 25. Qb2 Ng6 26. g5 Be7 27. h4 f6 28. Bxg6
hxg6 29. Kg2 Ra4 30. Nd2 Qa8 31. Nb3 Kf7 32. Bg3 fxg5 33. fxg5 Kg8 34. Na5 Rxa1
35. Qxa1 Qc8 36. Qb1 Kf7 37. Qf1+ Kg8 38. Qf4 Ba8 39. Qb8 Qxb8 40. Bxb8 Bd8 41.
Nb3 Kf7 42. Kg3 Bb7 43. Kf4 Bc8 44. Ke5 Bd7 45. Nd2 Be8 46. Nf3 Bd7 47. Kd6 Be8
48. Ne5+ Kf8 49. Nxc6 Bxc6 50. Kxc6 Ke8 51. Be5 Kf7 52. Kxb5 1-0

[Event "WA Open Reserve Section"]
[Site "?"]
[Date "2007.05.27"]
[Round "4"]
[White "Chow, Ward"]
[Black "Varner, Murlin"]
[Result "1-0"]
[WhiteElo "1392"]
[BlackElo "1525"]
[PlyCount "75"]
[EventDate "2007.05.??"]
[SourceDate "2007.05.26"]

1. b4 d5 2. Bb2 e6 3. e3 Nf6 4. a3 Nbd7 5. Nf3 Be7 6. c4 dxc4 7. Bxc4 O-O 8.
O-O b6 9. Nc3 Bb7 10. Rc1 Bxf3 11. Qxf3 Ne5 12. Qe2 Nxc4 13. Qxc4 Qxd2 14. Ba1
Qd8 15. Rfd1 Qb8 16. Ne4 Nxe4 17. Qxe4 c5 18. bxc5 Bxc5 19. Qg4 g6 20. Bf6 Rc8
21. Qg5 Bf8 22. e4 Rxc1 23. Qxc1 Qb7 24. e5 Rc8 25. Qe3 Qc6 26. h4 Qa4 27. Ra1
Bg7 28. Qg3 Qd4 29. Re1 Bxf6 30. exf6 Qxf6 31. h5 Qc3 32. Re3 Qc1+ 33. Kh2 Qc5
34. Re5 Qd4 35. hxg6 hxg6 36. Rh5 Rc5 37. Qb8+ Kg7 38. Qh8# 1-0

[Event "WA Open Reserve Section"]
[Site "?"]
[Date "2007.05.27"]
[Round "3"]
[White "Dillingham, Gregg"]
[Black "Baldwin, Christopher"]
[Result "0-1"]
[WhiteElo "1597"]
[BlackElo "1647"]
[PlyCount "89"]
[EventDate "2007.05.??"]
[SourceDate "2007.05.26"]

1. e4 c6 2. d4 d5 3. Nc3 b5 4. a3 e6 5. e5 b4 6. axb4 Bxb4 7. Bd2 Ne7 8. Na2
Bxd2+ 9. Qxd2 Qb6 10. b4 Na6 11. c3 Nc7 12. Bd3 Ba6 13. Nc1 Bxd3 14. Nxd3 a5
15. Ne2 a4 16. Nc5 a3 17. O-O Nb5 18. Qg5 Ng6 19. f4 O-O 20. Nd7 Qd8 21. Nf6+
gxf6 22. exf6 h6 23. Qxh6 Qxf6 24. f5 exf5 25. Rf3 Qh4 26. Qd2 Qf6 27. Rh3 Nd6
28. Nf4 Qg5 29. Rg3 Qh6 30. Qe3 Ne4 31. Nxg6 Qxg6 32. Rxg6+ fxg6 33. Qc1 f4 34.
Rxa3 Rae8 35. Ra7 g5 36. h3 f3 37. gxf3 Rxf3 38. Kg2 Ref8 39. Ra2 Rg3+ 40. Kh2
Rff3 41. Rg2 Rxh3+ 42. Kg1 Rxc3 43. Rxg5+ Nxg5 44. Qxg5+ Kf7 45. Qf5+ {
and white subsequently lost his queen in the sudden death time scramble.} 0-1